Una educación para el desarrollo : (Record no. 17744)

MARC details
000 -CABECERA
campo de control de longitud fija 00586nam a2200193 a 4500
005 - FECHA Y HORA DE LA ÚLTIMA TRANSACCIÓN
campo de control 20240919064819.0
008 - ELEMENTOS DE LONGITUD FIJA--INFORMACIÓN GENERAL
campo de control de longitud fija 991125s1989 ag 000 0 spa u
020 ## - NÚMERO INTERNACIONAL NORMALIZADO PARA LIBROS
Número Internacional Estándar del Libro 9505822621
035 ## - NÚMERO DE CONTROL DEL SISTEMA
Número de control de sistema UPN01000017744
049 ## - COLECCIÓN
Colección CG
050 #4 - SIGNATURA TOPOGRÁFICA DE LA BIBLIOTECA DEL CONGRESO
Número de clasificación LB41
Número de documento/Ítem S3.8
111 2# - ASIENTO PRINCIPAL--NOMBRE DE REUNION
Nombre de congreso/reunión o jurisdicción como elemento de entrada Seminario una Educación para el Desarrollo
Fecha del congreso/reunión (1987 :
Sede del congreso/Lugar de la reunión Madrid)
245 14 - MENCIÓN DE TÍTULO
Título Una educación para el desarrollo :
Resto del título la animación sociocultural.
260 ## - PUBLICACIÓN, DISTRIBUCIÓN, ETC.
Lugar de publicación, distribución, etc. Buenos Aires :
Nombre del editor, distribuidor, etc. Hvmanitas :
-- ICSA,
Fecha de publicación, distribución, etc. 1989.
300 ## - DESCRIPCIÓN FÍSICA
Extensión 81 p.
440 #0 - MENCIÓN DE SERIE/ASIENTO SECUNDARIO--TÍTULO
Título ICSA-Hvmanitas
650 #4 - ASIENTO SECUNDARIO DE MATERIA - TERMINO TEMATICO
Término de materia o nombre geográfico como elemento de entrada Educación
Subdivisión general Aspectos sociales
9 (RLIN) 5311
905 ## - TIPO DE MATERIAL
Tipo de material Libro
Holdings
Estado de retiro Estado de pérdida Fuente del sistema de clasificación o colocación Estado dañado No para préstamo Código de colección Localización permanente Ubicación/localización actual Ubicación en estantería Total de préstamos Clasificación Código de barras Fecha visto por última vez Número de copia Tipo de ítem Koha
    Library of Congress Classification     Colección General Bib. Gregorio Torres Quintero Bib. Gregorio Torres Quintero Planta baja 1 LB41 S3.8 93276 31/12/2020 1 Libro
    Library of Congress Classification     Colección General Bib. Gregorio Torres Quintero Bib. Gregorio Torres Quintero Planta baja   LB41 S3.8 93277 31/12/2020 1 Libro
    Library of Congress Classification     Colección General Bib. Gregorio Torres Quintero Bib. Gregorio Torres Quintero Planta baja 2 LB41 S3.8 93278 31/12/2020 1 Libro